Statistics for Color By Picture

Click here to take the quiz!

General Stats

  • This quiz has been taken 40 times
  • The average score is 11 of 18

Answer Stats

Answer% Correct
Red
100%
Pink
94%
Brown
89%
Orange
89%
Golden Yellow
83%
White
83%
Black
78%
Aqua
56%
Lime Green
56%
Dark Green
50%
Navy Blue
50%
Neon Green
50%
Blond
44%
Magenta
44%
Lavender
33%
Light Pink
28%
Light Purple
11%
Peach
11%

Score Distribution

Percentile by Number Answered

Percent of People with Each Score

Your Score History

You have not taken this quiz